000
00302pam a2200133 a 4500
020
_c
041
_a
eng
100
_a
Bedell.K.S.
245
_a
Strongly Corrected Electronic Materials
_h
Textual Documents
260
_a
[s.l]:
_b
Addison Wesley
300
_a
672p.
700
_a
Wang.Z.
930
_a
13802
999
_c
90703
_d
90703